Zavádění a inovace informačních systémů ve firmách /

Uloženo v:
Podrobná bibliografie
Hlavní autor: Tvrdíková, Milena 1948-
Médium: Kniha
Jazyk:čeština
Vydáno: Praha : Grada Publishing, 2000
Vydání:1. vyd.
Témata:
ISBN:8071697036
On-line přístup: Získat plný text
Tagy: Přidat tag
Žádné tagy, Buďte první, kdo vytvoří štítek k tomuto záznamu!

MARC

LEADER 00000nam a2200000 4500
003 SK-BrCVT
005 20220621154849.0
008 001001s2000 xr e ||||||cze d
020 |a 8071697036 
035 |a CVTIDW0955759 
040 |b slo  |a CVTI SR 
041 0 |a cze 
044 |a xr 
080 |a 004:658.114  |2 UDC-MRF 
100 1 |a Tvrdíková, Milena  |d 1948-, 
245 1 0 |a Zavádění a inovace informačních systémů ve firmách /  |c Milena Tvrdíková 
250 |a 1. vyd. 
260 |a Praha :  |b Grada Publishing,  |c 2000 
300 |a 110 s., príl. :  |b lit., obr., tab. ; 
653 1 |a inovácia  |a systémový integrátor  |a SWAT 
910 |b A574869  |b A574870 
919 |a 80-7169-703-6 
974 |f Knihy 
992 |a APP 
999 |c 117493  |d 117493